=LDR 00000nam 2200000 4500 =001 000926 =005 20250712124932 =035 ##$$a 0010-0725000804 =007 ta =008 250712################a##########0#ind## =020 ##$$a 978-623-307-620-3 =082 ##$$a 398.280 2 =084 ##$$a 398.280 2 DLA k =100 #$$a Dlamini, Zimbli =245 1#$$a Kutu Yang Terinjak /$c Zimbli Dlamini =250 ##$$a cetakan pertama =260 ##$$a jakarta :$b badan pengembangan dan pembinaan bahasa,$c 2022 =300 ##$$a 12 hlm. : $b ilus. ; $c 22,9 cm$e 398.280 2 =650 #4$$a literasi bahan bacaan =856 ##$$a TBM As Suhada =990 ##$$a TBM202400751